书目信息 |
| 题名: |
大众物理学
|
|
| 作者: | ;江苏师范学院物理系 编著 | |
| 分册: | ||
| 出版信息: | 南京 江苏人民出版社 1959 |
|
| 页数: | 404页 | |
| 开本: | 19cm | |
| 丛书名: | ||
| 单 册: | ||
| 中图分类: | O4-49 | |
| 科图分类: | ||
| 主题词: | 物理学--普及读物 | |
| 电子资源: | ||
| ISBN: | T13100.119 | |
| 000 | 00679cam0 2200229 450 | |
| 001 | 0105464524 | |
| 005 | 20070801091249.0 | |
| 010 | @aT13100.119@dCNY0.90 | |
| 091 | @aT13100.119@b精装@dCNY0.90 | |
| 100 | @a19960130d1959 em y0chiy0110 ea | |
| 101 | 0 | @achi |
| 102 | @aCN@b320000 | |
| 105 | @af z 000yy | |
| 106 | @ar | |
| 200 | 1 | @a大众物理学@9Da;Dai Zhong Wu Li Xue @f江苏师范学院物理系编著@b专著 |
| 210 | @a南京@c江苏人民出版社@d1959 | |
| 215 | @a404页@c图@d19cm | |
| 606 | 0 | @a物理学@x普及读物 |
| 690 | @aO4-49@v3 | |
| 711 | 02 | @a江苏师范学院物理系@9jiang su shi fan xue yuan wu li xi@4编著 |
| 801 | 0 | @aCN@b上海图书馆@c19970403 |
| 905 | @aBZT@dO4@e1142@f1@sO4/1142 | |
| 大众物理学/江苏师范学院物理系编著.-南京:江苏人民出版社,1959 |
| 404页:图;19cm |
| ISBN T13100.119:CNY0.90 |
| ● |
| 相关链接 |
|
|
|
正题名:大众物理学
索取号:O4/1142
 
预约/预借
| 序号 | 登录号 | 条形码 | 馆藏地/架位号 | 状态 | 备注 |
| 1 | 2000048295 | 2000048295 | 旧书回溯/ [索取号:O4/1142] | 在馆 |